| 000 | 00609nam a22001937a 4500 | ||
|---|---|---|---|
| 005 | 20260212120221.0 | ||
| 010 | _aENG-147825 | ||
| 020 |
_a9789391657826 _c795.00 |
||
| 035 | _aEN-131357 | ||
| 037 | _bDBAD | ||
| 082 |
_a396.960 _21 |
||
| 100 |
_aBhasingala Ramadevi _987333 |
||
| 245 |
_aHidden Struggles of Women Health Workers/ _cBhasingala Ramadevi |
||
| 250 | _a1 | ||
| 260 |
_aNew Delhi _bAryan Publication _c2024 |
||
| 270 |
_a110,Gali no.4, Harphool Vihar,Bapraula _bNew Delhi _e110043 _maryanpublication@gmail.com |
||
| 300 |
_a194p. _c22cm(hb) |
||
| 942 |
_2ddc _cEN _h363.960 _mBHA |
||
| 999 |
_c214832 _d214832 |
||